|
|
|
|
| LEADER |
00000nam a22000007a 4500 |
| 005 |
20151019133024.0 |
| 007 |
cr|||| ||u| |
| 008 |
151019s20149999spam||| s|||| 0|||b1sp d |
| 035 |
|
|
|a 12900
|
| 040 |
|
|
|a vLex
|
| 090 |
|
|
|c 5608
|d 5608
|
| 245 |
1 |
0 |
|a Nueva Banca
|h Recurso electrn̤ico]
|
| 256 |
|
|
|a Servicio en ln̕ea
|
| 260 |
|
|
|a Espaą
|b Firma de informacin̤
|c 2014
|
| 300 |
|
|
|a 1 recurso electrn̤ico
|
| 310 |
|
|
|a Mensual
|
| 500 |
|
|
|a Mensual de infomacin̤ y anl̀isis del nuevo sistema bancario en Espaą y en el mundo.
|
| 506 |
1 |
|
|a Contenido solo disponible en los productos indicados
|d vLex Global
|d vLex Global (Academic Edition, excluding Law Schools)
|d vLex Global (U.S. Academic Edition, Law Schools)
|d vLex Global (U.S. Academic Edition, excluding Law Schools)
|d vLex Global (Academic Edition, Law Schools)
|
| 650 |
0 |
4 |
|a Bancos
|z Espaą
|
| 740 |
0 |
|
|a vLex revista (servicio en ln̕ea)
|
| 856 |
4 |
0 |
|u http://vlex.com/source/nueva-banca-12900
|z Acceso restringido
|
| 942 |
|
|
|c REV
|
| 999 |
0 |
|
|a Banks and banking
|